League of Legends Regions - Statistics

General Stats
  • This quiz has been taken 49 times
  • The average score is 11 of 13
Answer Stats
Champs. Answer % Correct
Garen, Lux, Sylas Demacia
93%
Darius, Draven, Swain Noxus
93%
Ahri, Jhin, Yasuo, Zed Ionia
91%
Camille, Caitlyn, Ezreal Piltover
91%
Kai'sa, Vel'Koz, Kassadin The Void
91%
Ekko, Jinx, Urgot, Ziggs Zaun
91%
Azir, Nasus, Renekton Shurima
89%
Graves, Miss Fortune Bilgewater
82%
Ashe, Nunu, Olaf, Braum The Freljord
82%
Qiyana, Neeko, Rengar Ixtal
77%
Diana, Leona, Pantheon Mount Targon
77%
Lulu, Teemo, Tristana Bandle City
73%
Hecarim, Thresh, Viego Shadow Isles
70%
No matching quizzes found
Score Distribution
Percent of People with Each Score
Percentile by Number Answered
Your Score History
You have not taken this quiz